02851nam a2200373 c 450000100060000000300100000600500170001600700030003300800410003602000180007704000350009504100080013004300120013808200210015010000520017124501610022325000580038426400500044230000670049233600290055933700330058833800280062150400410064950504150069052009990110552100530210465000410215765000340219865000470223265000390227994200120231899900170233095201300234757780CO-BoRNBP20250730154240.0ta231128s2023 ck do||er ||0 0dspa d a9789585436718 aCO-BoRNBPbspaerdacCO-BoRNBP0 hspa as-ck---04a306.76bD18g222 aDávila Calderón, Martha Jannetheaut95899213aEl género no es cuestión de sexo :buna aproximación a la realidad del ser humano, partiendo de las diferencias /cMartha Janneth Dávila Calderón. aEdición especial para el Ministerio de las Culturas 1aBogotá, Colombia :bCirculo Cultural,c2023 a292 páginas :bilustraciones, diagramas y gráficos a color atextobtxt2rdacontenido asin mediaciónbn2rdamedio avolumenbnc2rdasoporte aIncluye Bibliografía y webgrafía1 aAcercándonos a los conceptos. -- Intersexualidad. -- Diversidad de género. -- Violencias de género y de sexo. -- Movimientos. -- Trastornos sexuales y fobias. -- Diversidad de género y sexual en las artes. -- Transhumanos y transespecies. -- Género y seguridad humana. -- Compartiendo experiencias. -- Encuestas, análisis. -- Tratados y convenios internacionales. -- Bibliografía. -- Webgrafía3 aLos conceptos de bien y mal, normal y anormal, justo e injusto, maldición y redención, absolución y castigo, han estado presentes en el imaginario humano desde el inicio de los tiempos. Partiendo de las míticas y ancestrales creencias hasta las religiones monoteistas y politeistas, las personas han estado signadas por diversos estereotipos, construidos a partir de la personalisima interpretación de los lideres espirituales de turno, quienes, en lugar de acercarnos como especie, nos alejan como individuos. Si a esto le sumamos la elaboración de preceptos políticos, sociales, educacionales y culturales afincados así mismo en los intereses o conocimientos de la época y no en el bienestar general, podemos afirmar sin lugar a duda, que la deconstrucción de preceptos para la construcción y reconocimiento de la igualdad, la equidad y el empoderamiento que como mortales todos merecemos, es una tarea urgente que no admite más dilaciones. (Tomado a partes del texto) aRecomendado para un público mayor de 12 años07aDiscriminación sexual2lemb95899407aIdentidad sexual2lemb92756807aMinorías sexualesxhistoria2lemb95899507aViolencia de género2lemb958996 2ddccBK c57780d57780 00102ddc40708GENaMEMACAREbMEMACAREcGENd2025-07-30l0o306.76 D18gpLM02773r2025-07-30 15:43:12tEj.1w2025-07-30yBK